Beatles Lyrics with No Hints (8) - Statistics

General Stats
  • This quiz has been taken 215 times
  • The average score is 73 of 112
Answer Stats
Lyrics % Correct
I
100%
a
96%
love
93%
Love
93%
you
93%
You
93%
me
84%
when
84%
and
82%
And
82%
to
80%
the
79%
hear
76%
know
74%
your
73%
Your
73%
my
72%
do
70%
can
69%
be
67%
it
67%
Who
67%
Will
67%
will
67%
If
66%
if
66%
so
64%
want
62%
For
61%
how
57%
all
54%
I've
54%
knows
54%
with
54%
long
51%
loved
51%
heart
50%
we're
49%
at
48%
ever
48%
still
48%
forever
46%
But
44%
always
41%
together
40%
whenever
39%
apart
38%
last
38%
never
38%
saw
37%
didn't
36%
feel
36%
find
36%
lonely
35%
name
35%
wait
35%
lifetime?
33%
Make
33%
near
33%
catch
31%
same
31%
really
30%
Sing
30%
things
30%
fill
27%
easy
26%
song
25%
air
24%
loud
24%
mattered
22%
endear
21%
No matching quizzes found
Score Distribution
Percent of People with Each Score
Percentile by Number Answered
Your Score History
You have not taken this quiz